Report Of The Public Accounts Committee On The Auditor-General On The Management Of Petroleum Funds For The Period May 2011 To December 2012 (Record no. 3863)

MARC details
000 -LEADER
fixed length control field 00563nam a2200145Ia 4500
008 - FIXED-LENGTH DATA ELEMENTS--GENERAL INFORMATION
fixed length control field 240429s9999||||xx |||||||||||||| ||und||
041 ## - LANGUAGE CODE
Language code of text/sound track or separate title eng
082 ## - DEWEY DECIMAL CLASSIFICATION NUMBER
Classification number CR/MPF/15
100 ## - MAIN ENTRY--PERSONAL NAME
Personal name Parliament of Ghana
245 #0 - TITLE STATEMENT
Title Report Of The Public Accounts Committee On The Auditor-General On The Management Of Petroleum Funds For The Period May 2011 To December 2012
300 ## - PHYSICAL DESCRIPTION
Extent 12p
650 ## - SUBJECT ADDED ENTRY--TOPICAL TERM
Topical term or geographic name entry element eport Of The Public Accounts Committee On The Auditor-General On The Management - Of Petroleum Funds For The Period May 2011 To December 2012
942 ## - ADDED ENTRY ELEMENTS (KOHA)
Koha item type Committee Reports
Holdings
Withdrawn status Lost status Damaged status Not for loan Home library Current library Shelving location Date acquired Total checkouts Full call number Date last seen Copy number Price effective from Koha item type
        Main Library Main Library Open Shelves 12/10/2023   CR/MPF/15 7689 C1 - CR/MPF/15 7691 C2 - CR/MPF/15 7692 C3 - CR/MPF/15 7693 C4 29/04/2024 1 29/04/2024 Committee Reports
©2026  Parliament of Ghana Library - All rights reserved